000 01648naa a22003257a 4500
001 BR8707766
003 BR-BrBNA
005 20250721154534.0
007 ta
008 250630b bl.|||m| |||| 00| 0 por d
040 _aBR-BrBNA
_bpor
_cBiblioteca Nacional de Agricultura
041 _a(Pt)
072 _aF30; F01
_b0170
_bG514
090 _aF30 BR8707766
100 1 _aLima, P.R. de A.
100 1 _aAraujo, A.G. de
111 1 _a4. Seminario de Pesquisa Agropecuaria do Piaui
_cTeresina, PI (Brazil)
_d1986
245 1 _aAvaliacao de genotipos de sorgo granifero no estado do Piaui
246 1 _a[Valluation of genotypes of Sorghum bicolor in the state of Piaui]
246 1 _a[Annals of the 4th Seminary on Agricultural and Zootechnic research of Piaui: Piaui and agricultural development, generation of tecnology, irrigation policy and alternative agriculture]
500 _aAnais do 4. Seminario de Pesquisa Agropecuaria do Piaui: Piaui e desenvolvimento agricola, geracao de tecnologia, politica de irrigacao e agricultura alternativa Teresina, PI (Brasil): 1986. p. 118-127 [5 illus.; Summary (Pt)] (BR8707766-AMS)
773 0 _tAnais do 4. Seminario de Pesquisa Agropecuaria do Piaui: Piaui e desenvolvimento agricola, geracao de tecnologia, politica de irrigacao e agricultura alternativa
_wF30 BR8707766
_gTeresina, PI (Brasil), 1986. p. 118-127
650 _aSORGO GRANIFERO
650 _aGENOTIPO
650 _aRENDIMENTO
650 _aPIAUI
490 _aDocumentos - Unidade de Execucao de Pesquisa de Ambito Estadual de Teresina (Brazil)
_vno. 6
942 _cAMS
_2AGRIS
909 _a202506
_bLúcia
_c55
_dLúcia Elande
999 _c335490
_d335490